000 00625nam a2200229Ia 4500
001 9138
003 GE_BSU
008 181216s||||||||xx |||||||||||||| ||und||
040 _cGE_BSU
080 _a821.353.1-31
100 _aლორია,პარმენ
245 _aმაღაროებში
245 _bრომანი
245 _cრედ:ნ.მალაზონია
260 _aბათუმი.
260 _bსახელგამი
260 _c1954
300 _a363გვ;22სმ.
653 _aმაღაროებში
653 _aრომანი
942 _cBK
999 _c42442
_d42442